<?xml version="1.0" encoding="UTF-8"?>
<marc:record xmlns:marc="http://www.loc.gov/MARC21/slim">
   <marc:leader>00000nam a2200000 a 4500</marc:leader>
   <marc:datafield ind1="1" ind2=" " tag="100">
      <marc:subfield code="a">Baumgärtner, Theresa</marc:subfield>
      <marc:subfield code="4">aut</marc:subfield>
      <marc:subfield code="e">Verfasser/-in</marc:subfield>
   </marc:datafield>
   <marc:datafield ind1=" " ind2=" " tag="653">
      <marc:subfield code="a">Winter</marc:subfield>
   </marc:datafield>
   <marc:datafield ind1=" " ind2=" " tag="653">
      <marc:subfield code="a">Backen</marc:subfield>
   </marc:datafield>
   <marc:datafield ind1=" " ind2=" " tag="653">
      <marc:subfield code="a">Torte</marc:subfield>
   </marc:datafield>
   <marc:datafield ind1=" " ind2=" " tag="653">
      <marc:subfield code="a">Kuchen</marc:subfield>
   </marc:datafield>
   <marc:datafield ind1="0" ind2="0" tag="245">
      <marc:subfield code="a">Backen in der Winterzeit</marc:subfield>
   </marc:datafield>
   <marc:datafield ind1=" " ind2="1" tag="264">
      <marc:subfield code="b">Brandstätter Verl.</marc:subfield>
      <marc:subfield code="c">2017</marc:subfield>
   </marc:datafield>
   <marc:datafield ind1="1" ind2=" " tag="520">
      <marc:subfield code="a">Die Tage werden kürzer und die Nächte frostig. Das ist die beste Zeit des Jahres, um die Küche mit dem verlockenden Duft frisch gebackener Kuchen und Plätzchen zu füllen. Das Nachhausekommen ist jetzt besonders schön, denn Theresa Baumgärtner öffnet ihre persönliche Winterbackstube. Die beliebte Fernsehköchin verrät uns ihre liebsten Rezepte, gibt Dekorationsideen für die Winterzeit und lädt zum Träumen ein: mit Geschichten über Freundschaft, Liebe zur Natur, Zeit für die Familie und für sich selbst. Einfach, liebevoll, natürlich: Backen in der Winterzeit begleitet uns mit süßen und herzhaften Köstlichkeiten durch die kalte Jahreszeit. Ob auf dem Land, an der Küste, in den Bergen oder in der Stadt: Theresas Rezepte kommen immer aus dem Herzen und begeistern Anfänger wie Hobbybäcker gleichermaßen. Im Spätherbst stehen schon die Äpfel, Birnen und Nüsse bereit. Es gibt süße Kuchen und herzhafte Tartes. Bald wird es wieder Zeit für Früchtebrote und Christstollen. Und wenn in den Bergen der erste Schnee fällt, stimmen wir uns auf die Vorweihnachtszeit ein. Kipferl und Buttergebäck, all die geliebten Köstlichkeiten gehören an Weihnachten einfach dazu. Im Januar reisen wir hoch in den Norden nach Stockholm. Skandinavisches Lebensgefühl &amp; Backen für die Seele: Der Winter kann so wunderschön sein!</marc:subfield>
   </marc:datafield>
   <marc:datafield ind1=" " ind2=" " tag="020">
      <marc:subfield code="a">9783710600982</marc:subfield>
      <marc:subfield code="9">9783710600982</marc:subfield>
   </marc:datafield>
</marc:record>
